LEADER 00850nam0-22003131i-450- 001 990005542100403321 005 20060619140739.0 035 $a000554210 035 $aFED01000554210 035 $a(Aleph)000554210FED01 035 $a000554210 100 $a19990604d1966----km-y0itay50------ba 101 0 $afre 105 $ay-------001yy 200 1 $a<>diplomatique$fpar Georges Tessier 205 $a3. Td. rev. 210 $aParis$cPresses Universitaires de France$d1966 215 $a126 p.$d18 cm 225 1 $aQue sais-je?$v536 610 0 $aStoria$aSaggi 676 $a909$v21$zita 700 1$aTessier,$bGeorges$0212229 801 0$aIT$bUNINA$gRICA$2UNIMARC 901 $aBK 912 $a990005542100403321 952 $a909 QUE 14$bST.MED.MOD. 4764$fFLFBC 959 $aFLFBC 996 $aDiplomatique$9611142 997 $aUNINA LEADER 00914nam0-22003131i-450- 001 990005672300403321 005 20110202124145.0 035 $a000567230 035 $aFED01000567230 035 $a(Aleph)000567230FED01 035 $a000567230 100 $a19990604d1971----km-y0itay50------ba 101 0 $aita 105 $ay-------001yy 200 1 $aTempo libero infantile e colonie di vacanza$fFranco Frabboni 210 $aFirenze$cLa Nuova Italia$d1971 215 $a327 p.$d20 cm 225 1 $aDidattica viva$v24 610 0 $aTempo libero infantile$aModelli pedagogici 676 $a306.48 676 $a370.119 700 1$aFrabboni,$bFranco$f<1935- >$023938 801 0$aIT$bUNINA$gRICA$2UNIMARC 901 $aBK 912 $a990005672300403321 952 $a306.48 FRA 2$bIst.ped. 1200$fFLFBC 959 $aFLFBC 996 $aTempo libero infantile e colonie di vacanza$9601311 997 $aUNINA